000 00212nam a22000977a 4500
999 _c263559
_d263558
020 _a 9780545840712
100 _aKirby Larson
245 _aLiberty
260 _aNew York
_bScholastic Press
_c 2016.
942 _cBK